| 000 | 00599nam a2200253Ia 4500 | ||
|---|---|---|---|
| 003 | AR-RoIUNI | ||
| 005 | 20241122062609.0 | ||
| 008 | 150616s9999 xx 000 0 und d | ||
| 040 | _cIUNIR | ||
| 040 | _dOCLC | ||
| 080 | _a616 WES | ||
| 100 | 1 |
_aWest, John B. _9166 _q(John Burnard) |
|
| 245 | 1 | _aFisiología respiratoria | |
| 250 | _a1a. ed. | ||
| 260 | _aBuenos Aires | ||
| 260 | _bMédica Panamericana | ||
| 260 | _c1976 | ||
| 300 | _a168 p. | ||
| 300 | _c23 cm. | ||
| 650 | 1 | 0 |
_aMedicina _958 |
| 650 | 1 | 0 |
_9136 _aFisiología |
| 650 | 1 | 0 |
_9171 _aAparato Respiratorio |
| 942 |
_cBK _2cdu |
||
| 999 |
_c911 _d911 |
||